000
00319nam a2200121Ia 4500
008
191201s2007 xx 000 0 und d
100
_a
PRESTON, David Lawrence
245
0
_a
365 Steps to Self Confidence
260
_a
New Delhi
_b
Jaico Publication House
_c
2007
300
_a
224
650
_a
B.Tech(IT)
942
_2
ddc
_c
BK
999
_c
3252
_d
3252